غلام باغ (Record no. 554375)

000 -LEADER
fixed length control field 00367nam a22001337a 4500
082 ## - DEWEY DECIMAL CLASSIFICATION NUMBER
Classification number 891.4392
Author Mark BAI
-- N-02,P-100
100 ## - MAIN ENTRY--PERSONAL NAME
Personal name Baig, Mirza Ather
9 (RLIN) 51833
245 ## - TITLE STATEMENT
Title غلام باغ
260 ## - PUBLICATION, DISTRIBUTION, ETC.
Place of publication, distribution, etc. Lahore,
Name of publisher, distributor, etc. sanjth,
Date of publication, distribution, etc. 2018.
300 ## - PHYSICAL DESCRIPTION
Extent 878 p.
Dimensions 23pm.
526 ## - STUDY PROGRAM INFORMATION NOTE
Program name 0
Interest level 0
Reading level 0
Title point value 891_439200000000000_BAI
650 ## - SUBJECT ADDED ENTRY--TOPICAL TERM
Topical term or geographic name entry element Novel, Urdu Adab
Topical term following geographic name entry element Urdu Books
9 (RLIN) 51834
942 ## - ADDED ENTRY ELEMENTS (KOHA)
Source of classification or shelving scheme
Koha item type Book
Holdings
Withdrawn status Lost status Source of classification or shelving scheme Damaged status Not for loan Permanent Location Current Location Date acquired Total Checkouts Full call number Barcode Date last seen Price effective from Koha item type
          Military College of Engineering (MCE) Military College of Engineering (MCE) 06/25/2020   891.4392 BAI MCE-51462 06/25/2020 06/25/2020 Book
© 2023 Central Library, National University of Sciences and Technology. All Rights Reserved.